000
00222 a2200097 4500
001
33972
100
_a
Boresi, A P
245
_a
Engineering Mechanics: Statics
260
_a
USA
_b
Brooks/Cole
_c
2001
090
_c
22531
_d
22531
942
_a
NUST-CAE
_c
M
_c
13927
999
_c
269045
_d
269045